000 00750nam a22002057a 4500
999 _c11767
_d11767
003 AR-CdUCM
008 190405b ||||| |||| 00| 0 spa d
040 _aMUNICIPALIDAD PROVINCIAL DEL CUSCO
_cBIBLIOTECA MUNICIPAL DEL CUSCO
082 _a301.04 /
_bA69 / 1920
100 _aArgente, Baldomero
_929287
245 _aEl ocaso de un mundo /
260 _aMadrid :
_bJ, Perez,
_c1920.
300 _a238 páginas
_c18 cm.
505 _aContenido : El siglo xx -- El ocaso de un mundo -- Sobre la miseria -- La herodiana -- La protección a la infancia -- El desamparo de la mujer -- La trata de blancas ...
650 _aSociología
_9276
650 _aOcaso
_929288
650 _aSociedad
_953
942 _2ddc
_cLIBROS
945 _arah
_d05/04/2019